Ecuaciones diferenciales elementales / Lyman M. Kells (Registro nro. 20682)
[ vista simple ]
| 000 -LÍDER | |
|---|---|
| fixed length control field | 00420nam a2200145 4500 |
| 008 - ELEMENTOS DE LONGITUD FIJA -- INFORMACIÓN GENERAL | |
| fixed length control field | 0 1970 0a 000 0Mex |
| 020 ## - NÚMERO INTERNACIONAL NORMALIZADO PARA LIBROS | |
| ISBN | 0-07-033529 |
| 082 ## - NUMERO DE CLASIFICACION DECIMAL DEWEY | |
| Número de Clasificación | 515.35 K158e |
| 100 ## - ASIENTO PRINCIPAL--NOMBRE PERSONAL | |
| Nombre personal | Kells, Lyman M. |
| 245 ## - TÍTULO | |
| Título | Ecuaciones diferenciales elementales / Lyman M. Kells |
| 250 ## - MENCIÓN DE EDICIÓN | |
| Mención de edición | / 5a del Ingles |
| 260 ## - PUBLICACIÓN, DISTRIBUCIÓN, ETC. (PIE DE IMPRENTA) | |
| Lugar de publicación, distribución, etc. | México : Mcgraw- Hill |
| 300 ## - DESCRIPCIÓN FÍSICA | |
| Extensión | 321 p. / 23 cm. |
| 650 ## - ASIENTO SECUNDARIO DE MATERIA - TERMINO TEMÁTICO | |
| Término temático o nombre geográfico como elemento de entrada | 1. ECIACIONES DIFERENCIALES |
| No. biblioteca | No. biblioteca | Número de clasificación | Código de barras/Número de adquisición | Número de copia | Tipo de material |
|---|---|---|---|---|---|
| LUIS G. INCLAN | LUIS G. INCLAN | 515.35 K158e | 2865 | 3 | Libros |
| LUIS G. INCLAN | LUIS G. INCLAN | 515.35 K158e | 16364 | 10 | Libros |
| LUIS G. INCLAN | LUIS G. INCLAN | 515.35 K158e | 2864 | 2 | Libros |
| LUIS G. INCLAN | LUIS G. INCLAN | 515.35 K158e | 2863 | 7 | Libros |
| LUIS G. INCLAN | LUIS G. INCLAN | 515.35 K158e | 2869 | 7 | Libros |
| LUIS G. INCLAN | LUIS G. INCLAN | 515.35 K158e | 2866 | 4 | Libros |
| LUIS G. INCLAN | LUIS G. INCLAN | 515.35 K158e | 2868 | 6 | Libros |
